| 000 | 00434nam a22001697a 4500 | ||
|---|---|---|---|
| 003 | BD-ChCU | ||
| 005 | 20260408092457.0 | ||
| 008 | 260408b bg ||||| |||| 00| 0 ben d | ||
| 040 | _cBD-ChCU | ||
| 082 | _a172THE | ||
| 100 |
_aThomson, J. A. K. _921336 |
||
| 245 |
_aThe ethics of Aristotle.// _cJ. A. K. Thomson. |
||
| 260 |
_aLondon. _bAllen & Unwin. _c1963 |
||
| 300 | _a289p | ||
| 650 | 0 |
_aEthics. _921337 |
|
| 942 |
_2ddc _cBK _n0 |
||
| 999 |
_c112130 _d112130 |
||